000 00229 a2200097 4500
001 46917
100 _aDarby P
245 _aBritish defence policy east of Suez
260 _aLondon
_bOxford university
_c
090 _c29996
_d29996
942 _aNUST-CAE
_cM
_c22219
999 _c281990
_d281990